| 000 | 00703nam a2200253Ia 4500 | ||
|---|---|---|---|
| 003 | OSt | ||
| 005 | 20221005091815.0 | ||
| 006 | a|||||r|||| 00| 0 | ||
| 007 | ta | ||
| 008 | 221004b |||||||| |||| 00| 0 eng d | ||
| 020 | _a0140158839 (pbk) | ||
| 024 | _a122248 | ||
| 037 |
_bGift, 27/10/2012, _cTextual |
||
| 040 |
_aCRL _cCRL _beng |
||
| 041 |
_2eng _aeng |
||
| 082 | _aO111,3M82:g, N0 | ||
| 100 | _aBurgess Anthony | ||
| 245 | 0 | _aYou've had your time | |
| 260 |
_aNew York _bPenguin Books USA _c1990 |
||
| 300 |
_axi,404p. _ccm. |
||
| 650 | _aENGLISH LITERATURE | ||
| 942 |
_hO111,3M82:g, N0 _cTEXL _2cc |
||
| 999 |
_c997818 _d997818 |
||